| 000 | 00611nam a2200193 i 4500 | ||
|---|---|---|---|
| 001 | 47257 | ||
| 003 | ES-MaACL | ||
| 007 | t| | ||
| 008 | 030404s1975 sp ||||1| spa d | ||
| 100 | 1 |
_aCoombs, Philip H. _940372 |
|
| 245 | 1 | 3 |
_aLa crisis mundial de la educación / _cPhilip H. Coombs ; [traducción de Montserrat Solanas]. |
| 250 | _a3ª ed. | ||
| 300 |
_a331 p. ; _c20 cm. |
||
| 490 | 1 |
_aHistoria, ciencia, sociedad ; _v82 |
|
| 700 | 1 |
_aSolanas, Montserrat. _9107075 |
|
| 830 | 0 | 0 |
_aHistoria, ciencia, sociedad (Península) _v82 _9177444 |
| 852 |
_aES-MaACL _jE-6891 _bR.91505 |
||
| 999 |
_c47257 _d47257 |
||